| 000 | 01122cam a22003377a 4500 | ||
|---|---|---|---|
| 003 | CHAP | ||
| 005 | 20220329134707.0 | ||
| 008 | 971013s1976 r 00010 d | ||
| 010 | _a24291 | ||
| 011 | _a25263 | ||
| 035 | _a29363 | ||
| 040 | _cCHAP | ||
| 090 | _aFolleto 3363 | ||
| 100 | 0 | 0 |
_aHale, Mason E., Jr. _952279 |
| 245 | 1 | 2 | _aA monograph of the lichen genus Pseudoparmelia lynge (Parmeliaceae) |
| 260 |
_aWashington : _bSmithsonian Institution, _c1976 |
||
| 300 |
_a62 p. _b: ilus. |
||
| 490 | 0 |
_aSmithsonian contributions to botany _v; 31 |
|
| 590 |
_aBATCH-UPD _b10 _c20130110 _lUCH01 _h0255 |
||
| 590 |
_aBATCH-UPD _b10 _c20130110 _lUCH01 _h1855 |
||
| 590 |
_aBATCH-UPD _b10 _c20130410 _lUCH01 _h1505 |
||
| 590 |
_aBATCH-UPD _b10 _c20130914 _lUCH01 _h1643 |
||
| 590 |
_aCONVERSION _b10 _c20130109 _lUCH01 _h1314 |
||
| 650 | 1 | 4 |
_aLĂquenes. _967489 |
| 650 | 1 | 4 |
_aParmeliaceas. _985646 |
| 830 | 0 |
_aSmithsonian contributions to botany _v; 31 _9107168 |
|
| 901 | _aBK | ||
| 942 | _cFOLL | ||
| 949 |
_aFolleto 3363 _bBC _cFOLL _d-67809 _eTS1 _i29363 _mD _si |
||
| 949 |
_aFolleto 3363 _bBC _cFOLL _d-67810 _eTS2 _fc.2 _i29363 _si |
||
| 999 |
_c24291 _d24291 |
||